Global culture (Record no. 5541)

MARC details
000 -LEADER
fixed length control field 00522nam a22001817a 4500
005 - DATE AND TIME OF LATEST TRANSACTION
control field 20250519140321.0
008 - FIXED-LENGTH DATA ELEMENTS--GENERAL INFORMATION
fixed length control field 250519b |||||||| |||| 00| 0 eng d
040 ## - CATALOGING SOURCE
Transcribing agency DepED Dasmarinas City
245 ## - TITLE STATEMENT
Title Global culture
250 ## - EDITION
Edition statement August 1999 Vol. 196 No. 2
490 ## - SERIES STATEMENT
SERIES STATEMENT National Geographic
520 ## - SUMMARY, ETC.
Summary, etc. Global Culture, A World Together, Tale of Three Cities, Vanishing Cultures, Italy's Endangered Art, The Power of Writing
650 ## - SUBJECT ADDED ENTRY--TOPICAL TERM
General subdivision DRAWINGS
650 ## - SUBJECT ADDED ENTRY--TOPICAL TERM
General subdivision CULTURES
650 ## - SUBJECT ADDED ENTRY--TOPICAL TERM
General subdivision ART'S
650 ## - SUBJECT ADDED ENTRY--TOPICAL TERM
General subdivision WRITING
942 ## - ADDED ENTRY ELEMENTS (KOHA)
Source of classification or shelving scheme Dewey Decimal Classification
Koha item type Continuing Resources
999 ## -
-- 5541
-- 5541
Holdings
Homebranch current branch Barcode
DepED Dasmarinas City DepED Dasmarinas City DSMSR081999-044